00622nam a2200193Ia 4500003000900000008004100009020001600050040001600066080002000082245007900102260003400181300001600215650002400231650002100255700003400276942000700310999001500317952009600332IN-BaIIA211028s9999 xx 000 0 eng d a900414-09-X cIIA Library a77(058)bBJP-75 4aThe British journal of photography annual 1975cedited by Geoffrey Crawley aLondonbHenry Greenwoodc1975 axxii, 220p. a Photography98275 aNASA thesaurus  aCrawley, Geoffrey., ed.96931 cBK c4670d4670 00104070aBANbBANcGENd1975-02-11l0o77(058)/ BJP-75p5211r2021-11-05w1975-02-11yBK